|
|
|
|
| LEADER |
00000cam a2200000 7i4500 |
| 001 |
0000083990 |
| 005 |
20190814.0 |
| 008 |
190814 |
| 020 |
|
|
|a 9789670869711
|
| 041 |
0 |
|
|a Malay
|
| 090 |
0 |
0 |
|a 899.231
|b RAJ
|
| 100 |
1 |
|
|a Rajendra Nath Tagore ,
|d 1963-
|
| 245 |
1 |
0 |
|a Kumpulan puisi :
|b gugusan puisi langit
|c Rajendra Nath Tagore
|
| 260 |
|
|
|a Kuala Lumpur :
|b Institut Terjemahan & Buku Malaysia Berhad ,
|c 2018
|
| 300 |
|
|
|a 136p. ;
|c 18.5cm.
|
| 541 |
0 |
0 |
|c Purchased on 2019
|f 2019/30 DNA
|h RM20.00
|
| 650 |
|
0 |
|a Malay poetry
|
| 999 |
|
|
|a 0001587661
|b Book
|c Adult Collection
|e Cawangan Segamat
|
| 999 |
|
|
|a 0001587662
|b Book
|c Adult Collection
|e Cawangan Bandar Tenggara
|
| 999 |
|
|
|a 0001587663
|b Book
|c Adult Collection
|e Cawangan Batu Pahat
|
| 999 |
|
|
|a 0001587664
|b Book
|c Adult Collection
|e Cawangan Kota Tinggi
|
| 999 |
|
|
|a 0001587665
|b Book
|c Adult Collection
|e Cawangan Tmn. Ungku Tun Aminah
|
| 999 |
|
|
|a 0001587666
|b Book
|c Adult Collection
|e Cawangan Taman Sri Lambak
|
| 999 |
|
|
|a 0001587667
|b Book
|c Adult Collection
|e Cawangan Tangkak
|
| 999 |
|
|
|a 0001587668
|b Book
|c Adult Collection
|e Cawangan Mersing
|
| 999 |
|
|
|a 0001587669
|b Book
|c Adult Collection
|e Cawangan Bukit Gambir
|
| 999 |
|
|
|a 0001587670
|b Book
|c Adult Collection
|e Cawangan Pontian
|
| 999 |
|
|
|a 0001587671
|b Book
|c Adult Collection
|e Cawangan Bandar Penawar
|
| 999 |
|
|
|a 0001587672
|b Book
|c Adult Collection
|e Cawangan Sri Merlong
|
| 999 |
|
|
|a 0001587673
|b Book
|c Adult Collection
|e Cawangan Batu Pahat
|
| 999 |
|
|
|a 0001587674
|b Book
|c Adult Collection
|e Cawangan Muar
|
| 999 |
|
|
|a 0001589065
|b Book
|c Adult Collection
|e Perbadanan Perpustakaan Awam Johor
|
| 999 |
|
|
|a 0001589066
|b Book
|c Adult Collection
|e Cawangan AEON Kulaijaya
|
| 999 |
|
|
|a 0001589067
|b Book
|c Adult Collection
|e Cawangan Urban Transformation Centre
|